000 00283nam a22001337a 4500
008 170131b xxu||||| |||| 00| 0 eng d
020 _a0914904752
041 _aeng
080 _a61
100 _a3
101 _aSHMI
245 _aA QUEST FOR CERTAINTY
_cROREM, R
942 _2udc
_cBK
999 _c4065
_d4065